La imitació de Jesucrist / (Record no. 108037)

MARC details
000 -LEADER
campo de control de longitud fija 00729nam a2200229 i 4500
001 - NÚMERO DE CONTROL
campo de control 108037
003 - IDENTIFICADOR DE NÚMERO DE CONTROL
campo de control ES-MaACL
007 - CAMPO FIJO DE DESCRIPCIÓN FÍSICA--INFORMACIÓN GENERAL
campo de control de longitud fija t|
008 - DATOS DE LONGITUD FIJA--INFORMACIÓN GENERAL
campo de control de longitud fija 070111s1953 sp ||||1| cat d
080 ## - NÚMERO DE LA CLASIFICACIÓN DECIMAL UNIVERSAL
Número de la Clasificación Decimal Universal 242
080 ## - NÚMERO DE LA CLASIFICACIÓN DECIMAL UNIVERSAL
Número de la Clasificación Decimal Universal 248.1
245 03 - MENCIÓN DEL TÍTULO
Título La imitació de Jesucrist /
Mención de responsabilidad, etc. V. Tomás de Kempis; traducció d'Emili Vallés; edició a cura de Joan Sales.
250 ## - MENCION DE EDICION
Mención de edición 18ª ed.
260 ## - PUBLICACIÓN, DISTRIBUCIÓN, ETC.
Lugar de publicación, distribución, etc. Barcelona :
Nombre del editor, distribuidor, etc. Editorial Selecta,
Fecha de publicación, distribución, etc. 1953.
300 ## - DESCRIPCIÓN FÍSICA
Extensión 256 p., 1 f. de lám. :
Otras características físicas il. retr. ;
Dimensiones 14 cm.
490 1# - MENCIÓN DE SERIE
Mención de serie Biblioteca selecta universal ;
Designación de volumen o secuencia 12
700 1# - ENTRADA AGREGADA--NOMBRE PERSONAL
Nombre de persona Vallés, Emili.
9 (RLIN) 112876
700 1# - ENTRADA AGREGADA--NOMBRE PERSONAL
Nombre de persona Thomas a Kempis.
9 (RLIN) 110051
830 0# - PUNTO DE ACCESO ADICIONAL DE SERIE-TÍTULO UNIFORME
Título uniforme Biblioteca selecta universal ;
Designación de volumen o secuencia 12
9 (RLIN) 185512
852 ## - LOCALIZACIÓN
Ubicación ES-MaACL
Número de control de estantería E-3885
Holdings
Estatus retirado Estado de pérdida Estado de daño No para préstamo Biblioteca de origen Biblioteca actual Ubicación en estantería Fecha de adquisición Fuente de adquisición Total de préstamos Signatura topográfica completa Código de barras Visto por última vez Precio de reemplazo Tipo de ítem Koha
        Biblioteca del Ateneo de Madrid Biblioteca del Ateneo de Madrid Depósito 2 17/01/2008     E-3885 1112742 23/02/2023 23/02/2023 Libro impreso